[Event "Brno /Olexa/"]
[Site "Brno"]
[Date "2023.12.28"]
[Round "3"]
[White "Zeman, Arnost"]
[Black "Vindis, Patrik"]
[Result "1-0"]
[WhiteElo "1706"]
[BlackElo "1071"]
[PlyCount "71"]
[EventDate "2023.12.??"]
[EventType "tourn"]
[EventRounds "7"]

1. e4 d6 2. d4 e6 3. Nf3 Nf6 4. Bd3 Be7 5. O-O O-O 6. c4 c5 7. dxc5 dxc5 8. e5
Nfd7 9. Qc2 g6 10. Bh6 Re8 11. Re1 Nc6 12. a3 Qa5 13. Nbd2 a6 14. h4 b5 15. h5
bxc4 16. Nxc4 Qc7 17. hxg6 Bf8 18. gxf7+ Kxf7 19. Bxh7 Bxh6 20. Nd6+ Ke7 21.
Nxe8 Kxe8 22. Qg6+ Kd8 23. Qxh6 Qb6 24. Qxe6 Kc7 25. Qd6+ Kb7 26. Be4 Ndb8 27.
e6 Qc7 28. Qxc5 Bxe6 29. Bxc6+ Nxc6 30. Rxe6 Rg8 31. Rc1 Qg7 32. Qxc6+ Kb8 33.
Qb6+ Ka8 34. Qxa6+ Kb8 35. Rb6+ Qb7 36. Qxb7# 1-0

[Event "Brno /Olexa/"]
[Site "Brno"]
[Date "2023.12.28"]
[Round "3"]
[White "Levchenko, Alisa"]
[Black "Hala, Pavel"]
[Result "0-1"]
[WhiteElo "1178"]
[BlackElo "1500"]
[Annotator "Kalendovský,Jan"]
[PlyCount "168"]
[EventDate "2023.12.??"]
[EventType "tourn"]
[EventRounds "7"]

1. d4 d6 2. c4 c6 3. Nf3 h6 4. g3 Nf6 5. Bg2 g6 6. b3 Bg7 7. Bb2 d5 8. Nbd2 Na6
9. O-O Be6 10. Re1 O-O 11. e4 dxe4 12. Nxe4 Nxe4 13. Rxe4 Bf5 14. Re2 Re8 15.
Rd2 Bg4 16. h3 Bxf3 17. Bxf3 Qc7 18. d5 Bxb2 19. Rxb2 Rad8 20. Rd2 c5 21. Qe2
Qd6 22. Re1 Qf6 23. Rd3 Kf8 24. Qe3 g5 25. Bh5 Nb4 26. Rd2 b6 27. a3 Na6 28.
Rd3 Rd6 29. Qf3 Qxf3 30. Rxf3 Rf6 31. Rxf6 exf6 32. Rd1 Nb8 33. Bg4 Re5 34. Bc8
Ke8 35. g4 Kd8 36. Bf5 Ke8 37. Kg2 Kd8 38. a4 h5 39. Rd3 a5 40. Kf3 h4 41. d6
Nc6 42. Kg2 Nd4 43. d7 Nxf5 44. gxf5 Rxf5 45. Rd6 Re5 46. Rxf6 Kxd7 47. Rxb6 f5
48. Rb5 g4 49. Rxa5 Kd6 50. Ra6+ Kd7 51. Rh6 Re2 52. Rxh4 Rb2 53. hxg4 fxg4 54.
Rxg4 Rxb3 55. Rg3 Rb4 56. Ra3 Rxc4 57. a5 Rb4 58. a6 Rb8 59. a7 Ra8 60. f4 Ke6
61. Kg3 Kf5 62. Ra5 Rg8+ 63. Kf3 Ra8 64. Rxc5+ Kf6 65. Ra5 Kf7 66. Ra6 Kf8 67.
f5 Kf7 68. f6 Kf8 69. Kf4 Kf7 70. Kf5 Kf8 71. Kg6 Kg8 72. f7+ Kf8 73. Kf6 Rxa7
{[#]} 74. Kg6 $4 Rxa6+ 75. Kh7 Kxf7 76. Kh8 Rg6 77. Kh7 Rg3 78. Kh6 Rg1 79. Kh5
Kf6 80. Kh4 Kf5 81. Kh3 Kf4 82. Kh2 Rg7 83. Kh1 Kf3 84. Kh2 Rh7+ 0-1

[Event "Brno /Olexa/"]
[Site "Brno"]
[Date "2023.12.28"]
[Round "3"]
[White "Rampulova, Marketa"]
[Black "Borkovec, Ondrej"]
[Result "0-1"]
[WhiteElo "1260"]
[BlackElo "1485"]
[PlyCount "92"]
[EventDate "2023.12.??"]
[EventType "tourn"]
[EventRounds "7"]

1. e4 c5 2. d4 cxd4 3. c3 dxc3 4. Nxc3 g6 5. Bc4 Qc7 6. Qe2 d6 7. Nf3 Bg4 8.
Bxf7+ Kxf7 9. Ng5+ Ke8 10. Qxg4 Nf6 11. Qe6 Nc6 12. Qf7+ Kd7 13. Qe6+ Ke8 14.
Be3 Ne5 15. O-O Qd7 16. Qxd7+ Kxd7 17. Rad1 h6 18. Bf4 Nc4 19. Nf7 Rh7 20. Ne5+
Nxe5 21. Bxe5 Ke6 22. Bd4 a6 23. f4 Kf7 24. e5 Nd7 25. Be3 Rc8 26. Bd4 e6 27.
Be3 d5 28. Ne4 Ke8 29. Nf6+ Nxf6 30. exf6 Rhc7 31. f5 gxf5 32. g4 fxg4 33. Kh1
Rf7 34. Rc1 Rxc1 35. Bxc1 Be7 36. Bxh6 Rxf6 37. Rxf6 Bxf6 38. b3 Kf7 39. Kg2
Kg6 40. Bd2 Kf5 41. a4 Be5 42. h4 gxh3+ 43. Kxh3 Ke4 44. b4 b5 45. a5 Kd3 46.
Bh6 Bd6 0-1

[Event "Brno /Olexa/"]
[Site "Brno"]
[Date "2023.12.28"]
[Round "3"]
[White "Nisztuk, Michal"]
[Black "Branka, Natalia"]
[Result "0-1"]
[WhiteElo "1447"]
[BlackElo "1032"]
[PlyCount "70"]
[EventDate "2023.12.??"]
[EventType "tourn"]
[EventRounds "7"]

1. e4 e5 2. Bc4 Nf6 3. d4 Nc6 4. d5 Nd4 5. c3 Nxe4 6. cxd4 Qh4 7. g3 Nxg3 8.
fxg3 Qe4+ 9. Qe2 Qxh1 10. Qxe5+ Be7 11. Kf1 d6 12. Qxg7 Bh3+ 13. Ke2 O-O-O 14.
Be3 Qg2+ 15. Bf2 Qf1+ 16. Kd2 Qxf2+ 17. Ne2 Rdg8 18. Qxh8 Rxh8 19. Nbc3 Bg5+
20. Kc2 Bf5+ 21. Kb3 c5 22. dxc6 bxc6 23. d5 Qb6+ 24. Ka3 a5 25. b3 Bf6 26. Rf1
Bxc3 27. Nxc3 Bg6 28. dxc6 Qxc6 29. Nd5 Qc5+ 30. Kb2 Qd4+ 31. Ka3 Re8 32. Rc1
Rd8 33. Bb5+ Kb8 34. Ne7 Qb4+ 35. Kb2 Qd2+ 0-1

[Event "Brno /Olexa/"]
[Site "Brno"]
[Date "2023.12.28"]
[Round "3"]
[White "Carbonai, Gabriele"]
[Black "Borovickova, Eva"]
[Result "1-0"]
[WhiteElo "1228"]
[BlackElo "1238"]
[PlyCount "75"]
[EventDate "2023.12.??"]
[EventType "tourn"]
[EventRounds "7"]

1. e4 e5 2. Nf3 Nc6 3. Bc4 Bc5 4. d4 Bxd4 5. Nxd4 exd4 6. Nd2 d6 7. Nf3 h6 8.
Nxd4 Nxd4 9. Qxd4 Qf6 10. Qd3 Ne7 11. O-O O-O 12. Qg3 Nc6 13. Bd2 Ne5 14. Bc3
Qg6 15. Bxe5 Qxg3 16. Bxg3 Bd7 17. f4 Rfe8 18. Rfe1 Bc6 19. e5 dxe5 20. Rxe5
Rxe5 21. fxe5 Kf8 22. Rd1 a6 23. Bf2 Re8 24. Bd4 Bb5 25. Bxb5 axb5 26. b4 Ra8
27. Ra1 b6 28. a3 g6 29. Kf2 Ke7 30. Ke3 Ke6 31. Ke4 Rc8 32. Rf1 c5 33. Rf6+
Ke7 34. bxc5 bxc5 35. Bc3 Ra8 36. Bb2 Ra4+ 37. Kd5 Rc4 38. c3 1-0

[Event "Brno /Olexa/"]
[Site "Brno"]
[Date "2023.12.28"]
[Round "4"]
[White "Havelka, Ondrej"]
[Black "Svobodova, Michaela"]
[Result "1-0"]
[WhiteElo "2155"]
[BlackElo "1981"]
[PlyCount "65"]
[EventDate "2023.12.??"]
[EventType "tourn"]
[EventRounds "7"]

1. d4 d5 2. c4 c6 3. cxd5 cxd5 4. Nc3 Nf6 5. Nf3 Nc6 6. Bf4 a6 7. e3 Bg4 8. Be2
e6 9. h3 Bxf3 10. Bxf3 Bd6 11. Bxd6 Qxd6 12. O-O O-O 13. Qd3 Rac8 14. Rfc1 Rc7
15. Na4 Rfc8 16. Nc5 Nd7 17. Qa3 Ne7 18. b4 a5 19. bxa5 Ra8 20. Qb2 Nxc5 21.
Rxc5 Rxc5 22. dxc5 Qxc5 23. Rc1 Qxa5 24. Qxb7 Ng6 25. Rc2 h6 26. Be2 Ne5 27.
Bb5 Qa3 28. Qc7 Ra5 29. Be2 Qa4 30. Rb2 Nc4 31. Rb8+ Kh7 32. Qxf7 Qxa2 33. Bd3#
1-0

[Event "Brno /Olexa/"]
[Site "Brno"]
[Date "2023.12.28"]
[Round "4"]
[White "Vanek, Ladislav"]
[Black "Smistik, Milan"]
[Result "1/2-1/2"]
[WhiteElo "2145"]
[BlackElo "2298"]
[PlyCount "62"]
[EventDate "2023.12.??"]
[EventType "tourn"]
[EventRounds "7"]

1. d4 d5 2. c4 c6 3. Nc3 Nf6 4. Nf3 a6 5. cxd5 cxd5 6. Bf4 Nc6 7. e3 Bg4 8. Be2
e6 9. Qb3 Bxf3 10. Bxf3 Na5 11. Qc2 Bd6 12. Bxd6 Qxd6 13. Rc1 O-O 14. O-O Rac8
15. Qd3 b5 16. Ne2 Qb4 17. b3 Qa3 18. Qd2 Nb7 19. Rxc8 Rxc8 20. Rc1 Rxc1+ 21.
Qxc1 Qxc1+ 22. Nxc1 b4 23. Be2 a5 24. f3 Kf8 25. Kf2 Ke7 26. Nd3 Nd7 27. e4 f6
28. Ke3 dxe4 29. fxe4 Kd6 30. Bg4 Nd8 31. Nb2 Nb6 {(R)} 1/2-1/2

[Event "Brno /Olexa/"]
[Site "Brno"]
[Date "2023.12.28"]
[Round "4"]
[White "Jires, Jiri"]
[Black "Holemar, David"]
[Result "1/2-1/2"]
[WhiteElo "2138"]
[BlackElo "2196"]
[PlyCount "133"]
[EventDate "2023.12.??"]
[EventType "tourn"]
[EventRounds "7"]

{[%evp 0,133,37,33,55,41,52,25,25,25,25,25,25,17,28,28,28,35,39,51,64,55,57,
-26,-20,-18,11,-5,-14,3,3,-5,-8,-8,-2,-10,-10,-25,-28,-59,-42,-61,-42,-41,-47,
-142,-127,-93,-121,-110,-78,-135,-139,-137,-120,-139,-139,-139,-151,-153,-124,
-149,-149,-154,-146,-146,-149,-145,-153,-152,-163,-171,-180,-179,-161,-176,
-144,-156,-160,-339,-338,-338,-262,-291,-291,-291,-230,-226,-226,-226,-226,
-493,-226,-226,-226,-226,-226,-226,-226,-226,-226,-226,-226,-226,-226,-226,
-226,-226,-226,-226,-226,-226,-226,-226,-226,-226,-226,-226,-226,-226,-226,
-226,-226,-226,-226,-226,-226,-226,-226,-226,-226,-226,-226,-226,-226,-226]} 1.
e4 c5 2. Nf3 Nc6 3. d4 cxd4 4. Nxd4 e5 5. Nb5 a6 6. Nd6+ Bxd6 7. Qxd6 Qe7 8.
Qd3 Nf6 9. Nc3 d6 {(R)} 10. Bg5 Be6 11. g3 O-O 12. Bg2 h6 13. Bxf6 Qxf6 14. Nd5
Bxd5 15. exd5 e4 16. Bxe4 {(R)} Qxb2 17. O-O Ne5 18. Qb3 Qd4 19. Rfe1 f5 20.
Rad1 Qc5 21. Bg2 f4 22. gxf4 Rxf4 23. Qe3 Qxe3 24. Rxe3 Rc8 25. Rxe5 dxe5 26.
d6 Rd4 27. Rxd4 exd4 28. Bxb7 Rd8 29. Bxa6 Rxd6 30. Bc4+ Kf8 31. a4 Rc6 32. Bd3
Rc5 33. Kg2 Ke7 34. f4 Kd6 35. h4 Ra5 36. Bb5 Kc5 37. Kf3 Kb4 38. Ke4 Kc3 39.
Bd3 Rxa4 40. Kf5 Ra1 41. Kg6 Rg1+ 42. Kf7 g5 43. fxg5 hxg5 44. hxg5 Rxg5 45.
Kf6 Ra5 46. Ke6 Rh5 47. Kd6 Rg5 48. Kc6 Kb4 49. Kd6 Ra5 50. Kc6 Kc3 51. Kd6 Kd2
52. Kc6 Ra3 53. Bh7 Rh3 54. Be4 Kc3 55. Kd5 Rg3 56. Bh7 Rg5+ 57. Kd6 Kc4 58.
Bd3+ Kb4 59. Kc6 Kc3 60. Kd6 Rg3 61. Bh7 Kc4 62. Be4 Rh3 63. Bd5+ Kb4 64. Be4
Kc3 65. Kd5 Re3 66. Bh7 Rh3 67. Be4 1/2-1/2

[Event "Brno /Olexa/"]
[Site "Brno"]
[Date "2023.12.28"]
[Round "4"]
[White "Husek, Martin"]
[Black "Matzner, Radomil"]
[Result "1-0"]
[WhiteElo "2233"]
[BlackElo "1740"]
[PlyCount "55"]
[EventDate "2023.12.??"]
[EventType "tourn"]
[EventRounds "7"]

1. e4 d5 2. exd5 Qxd5 3. d4 Nf6 4. Nc3 Qd8 5. Nf3 e6 6. Bg5 Be7 7. Bd3 O-O 8.
Qe2 h6 9. Bd2 c6 10. O-O-O b5 11. g4 b4 12. Ne4 a5 13. Nxf6+ Bxf6 14. Qe4 g6
15. Bxh6 Bg7 16. Bxg7 Kxg7 17. g5 Ba6 18. Qe5+ Kg8 19. h4 Bxd3 20. Rxd3 Qd5 21.
Qh2 Kg7 22. Ne5 Qxa2 23. h5 Rh8 24. Qf4 Ra7 25. Qf6+ Kg8 26. h6 Rxh6 27. Rxh6
Qa1+ 28. Kd2 1-0

[Event "Brno /Olexa/"]
[Site "Brno"]
[Date "2023.12.28"]
[Round "4"]
[White "Wuensch, Radek"]
[Black "Stara, Zuzana"]
[Result "1-0"]
[WhiteElo "1974"]
[BlackElo "1691"]
[PlyCount "155"]
[EventDate "2023.12.??"]
[EventType "tourn"]
[EventRounds "7"]

1. e4 c6 2. d4 d5 3. e5 c5 4. dxc5 e6 5. a3 Bxc5 6. b4 Bb6 7. Bb2 Ne7 8. Nf3
Nd7 9. Bd3 Ng6 10. O-O O-O 11. Re1 Qe7 12. Nbd2 Nf4 13. Bf1 Bc7 14. c4 Nb6 15.
c5 Nd7 16. Nb3 Ng6 17. Bd3 a6 18. Qc2 Bb8 19. Na5 Ba7 20. c6 Nb8 21. cxb7 Bxb7
22. Nxb7 Qxb7 23. Rac1 Bb6 24. h4 Rd8 25. h5 Nf8 26. Bd4 h6 27. Bxb6 Qxb6 28.
Qc7 Nfd7 29. Nd4 Re8 30. Nb3 Ra7 31. Qc3 Ra8 32. Na5 Ra7 33. Rc2 Rd8 34. Rec1
Re8 35. Qe1 Qd4 36. Rc8 Rf8 37. Rxf8+ Kxf8 38. Rc8+ Ke7 39. Bf1 Qb6 40. Qc3 d4
41. Qg3 Rc7 42. Rxc7 Qxc7 43. Qxg7 Qxe5 44. Qxh6 Nf6 45. Qh8 Nfd7 46. Qh6 Nf6
47. Qh8 Nfd7 48. Qxe5 Nxe5 49. f4 Ng4 50. Nb3 Nf6 51. h6 Kf8 52. Nxd4 Kg8 53.
Bd3 Nh5 54. f5 e5 55. Nb3 Kh7 56. Nc5 Kxh6 57. Nxa6 e4 58. Bc4 Nxa6 59. Bxa6
Nf4 60. Kf2 Kg5 61. Bc8 Kf6 62. b5 Nd5 63. Bb7 Nc3 64. b6 Na4 65. Bxe4 Nxb6 66.
Kf3 Ke5 67. Bc2 f6 68. g4 Nc4 69. a4 Na5 70. Ke3 Nb7 71. Kd3 Kd5 72. Kc3 Kc5
73. Bb3 Nd6 74. Kd3 Kb4 75. Bd1 Kc5 76. Ke3 Kd5 77. Kf4 Nf7 78. Bb3+ 1-0

[Event "Brno /Olexa/"]
[Site "Brno"]
[Date "2023.12.28"]
[Round "4"]
[White "Cisar, Jiri"]
[Black "Stary, Simon"]
[Result "0-1"]
[WhiteElo "1646"]
[BlackElo "1826"]
[PlyCount "64"]
[EventDate "2023.12.??"]
[EventType "tourn"]
[EventRounds "7"]

1. Nf3 Nf6 2. c4 g6 3. b3 Bg7 4. Bb2 O-O 5. g3 d6 6. Bg2 e5 7. d3 Nc6 8. Nc3
Nh5 9. e4 f5 10. h3 Nf6 11. Qd2 Nd4 12. O-O-O c5 13. Kb1 fxe4 14. dxe4 Bd7 15.
Rhe1 Qc8 16. g4 a5 17. Nxd4 cxd4 18. Nb5 Bxb5 19. cxb5 a4 20. Qb4 axb3 21.
Qxb3+ Kh8 22. a4 Nd7 23. Re2 Nc5 24. Qd5 Qc7 25. Ba3 Rxa4 26. Bxc5 dxc5 27. Ra2
Rxa2 28. Qxa2 c4 29. Bf1 c3 30. Rc1 b6 31. Rc2 Qb7 32. Qa6 Qxe4 0-1

[Event "Brno /Olexa/"]
[Site "Brno"]
[Date "2023.12.28"]
[Round "4"]
[White "Hrdlicka, Vladan"]
[Black "Blata, Frantisek"]
[Result "1-0"]
[WhiteElo "1799"]
[BlackElo "1732"]
[PlyCount "117"]
[EventDate "2023.12.??"]
[EventType "tourn"]
[EventRounds "7"]

1. e4 c5 2. Nc3 e6 3. Nge2 d5 4. d4 dxe4 5. Nxe4 cxd4 6. Qxd4 Qc7 7. Bf4 Qa5+
8. N2c3 Nc6 9. Nd6+ Bxd6 10. Qxd6 Nge7 11. O-O-O O-O 12. Qc7 Qxc7 13. Bxc7 a6
14. g3 b5 15. Bg2 Ra7 16. Bb6 Rd7 17. Rxd7 Bxd7 18. Rd1 Bc8 19. Bc5 Re8 20. f4
h5 21. Bf3 b4 22. Ne4 Nd5 23. Nd6 Rd8 24. Bxh5 g6 25. Bf3 Nce7 26. Nc4 Rd7 27.
Ne5 Rc7 28. Bd6 Ra7 29. Bxe7 Nxe7 30. Rd8+ Kg7 31. Kd2 Rc7 32. Be4 f6 33. Nd3
a5 34. g4 Rd7 35. Rxd7 Bxd7 36. Nc5 Bc8 37. Kd3 f5 38. Bb7 Bxb7 39. Nxb7 Nd5
40. gxf5 gxf5 41. Kd4 Kf6 42. Nxa5 Nxf4 43. Nc6 Ng6 44. Nxb4 e5+ 45. Ke3 Nf8
46. Nd5+ Ke6 47. c4 Nd7 48. b4 e4 49. a4 Ne5 50. Nf4+ Kd6 51. c5+ Kc6 52. h4
Kd7 53. h5 Ke7 54. Ng6+ Kf6 55. Nxe5 Kxe5 56. h6 f4+ 57. Ke2 Kd4 58. h7 f3+ 59.
Kf2 1-0

[Event "Brno /Olexa/"]
[Site "Brno"]
[Date "2023.12.28"]
[Round "4"]
[White "Branka, Julia"]
[Black "Velim, Vojtech"]
[Result "1-0"]
[WhiteElo "1466"]
[BlackElo "1765"]
[PlyCount "79"]
[EventDate "2023.12.??"]
[EventType "tourn"]
[EventRounds "7"]

1. f4 d5 2. Nf3 Nf6 3. g3 c5 4. Bg2 Nc6 5. O-O e6 6. d3 Be7 7. Re1 b6 8. e4 Bb7
9. c3 O-O 10. e5 Nd7 11. d4 Rc8 12. Be3 cxd4 13. Nxd4 Nxd4 14. cxd4 b5 15. a3
Nb6 16. Nc3 a6 17. Qe2 Nc4 18. Rac1 Qb6 19. Bf2 a5 20. Nd1 b4 21. axb4 Bxb4 22.
Nc3 Be7 23. f5 Bg5 24. Rc2 Ba6 25. Qh5 Be3 26. Rd1 Bxf2+ 27. Rxf2 g6 28. Qh6
gxf5 29. Rf4 Nxb2 30. Rh4 Rfd8 31. Qxh7+ Kf8 32. Qh8+ Ke7 33. Qf6+ Kd7 34.
Qxf7+ Kc6 35. Qxe6+ Kb7 36. Rh7+ Rc7 37. Rxc7+ Qxc7 38. Nxd5 Rxd5 39. Qxd5+ Kc8
40. Rb1 1-0

[Event "Brno /Olexa/"]
[Site "Brno"]
[Date "2023.12.28"]
[Round "4"]
[White "Hala, Pavel"]
[Black "Schmid, Jaroslav"]
[Result "0-1"]
[WhiteElo "1500"]
[BlackElo "1914"]
[PlyCount "112"]
[EventDate "2023.12.??"]
[EventType "tourn"]
[EventRounds "7"]

1. d4 Nf6 2. e3 b6 3. Nc3 Bb7 4. Nge2 e6 5. a3 Be7 6. Ng3 O-O 7. e4 d6 8. Be2
Nbd7 9. O-O c5 10. Be3 cxd4 11. Bxd4 Nc5 12. Bf3 Ncd7 13. Re1 Qc8 14. Qe2 Ne5
15. Bxe5 dxe5 16. Red1 a6 17. Rd2 Qc7 18. Rad1 g6 19. Qe3 Kg7 20. h3 Rac8 21.
Be2 Bxa3 22. Na4 Bc5 23. Nxc5 Qxc5 24. Qxc5 Rxc5 25. c3 b5 26. f3 h5 27. Nf1 h4
28. g4 hxg3 29. Nxg3 Rc7 30. Nf1 Nh5 31. Ne3 Nf4 32. Bf1 f5 33. Rd7+ Rf7 34.
Rxc7 Rxc7 35. Kf2 Kf7 36. Rd6 Ke7 37. Rd2 Rd7 38. Rxd7+ Kxd7 39. h4 Bc6 40. c4
Kd6 41. b4 Kc7 42. c5 Kb7 43. exf5 exf5 44. Nc2 Kc7 45. Be2 Bd5 46. Ne3 Bb3 47.
Nf1 Nxe2 48. Kxe2 Bc4+ 49. Ke1 Bxf1 50. Kxf1 Kc6 51. Ke2 a5 52. bxa5 Kxc5 53.
Kd2 b4 54. Kd3 Kb5 55. a6 Kxa6 56. Kc4 Ka5 0-1

[Event "Brno /Olexa/"]
[Site "Brno"]
[Date "2023.12.28"]
[Round "4"]
[White "Pribyl, Rene"]
[Black "Zeman, Arnost"]
[Result "1-0"]
[WhiteElo "1855"]
[BlackElo "1706"]
[PlyCount "91"]
[EventDate "2023.12.??"]
[EventType "tourn"]
[EventRounds "7"]

{[%evp 0,91,16,30,19,-9,37,33,53,41,50,0,14,40,54,66,46,43,39,-27,-11,-49,82,
82,82,61,79,67,79,11,33,33,33,41,51,49,37,26,25,-23,-19,-18,-22,-25,-2,-8,2,2,
-17,-4,33,12,23,31,15,0,0,0,11,-40,-40,-35,-30,-29,-49,-41,-42,-57,-32,-24,213,
213,213,213,213,189,286,293,283,312,361,361,406,380,431,446,523,414,380,454,
996,952,983,1026]} 1. d4 Nf6 2. c4 c5 3. d5 e5 4. Nc3 d6 5. f4 exf4 6. Bxf4 Be7
7. e4 O-O 8. Bd3 Bg4 9. Qc2 Nbd7 10. h3 Bh5 11. g4 Bg6 {(R)} 12. Nf3 Qb8 13.
O-O-O Ne5 14. Nh4 Nxd3+ 15. Qxd3 Nd7 16. Nf5 Bxf5 17. exf5 Bf6 18. Ne4 Be5 19.
Bd2 b5 20. Bc3 bxc4 21. Qxc4 Nb6 22. Qb3 Re8 23. Rhe1 Bxc3 24. Nxc3 Kf8 25. Qc2
Qd8 26. Rxe8+ Qxe8 27. f6 Qe3+ 28. Kb1 g6 29. Qh2 Nc4 30. Qe2 Qxe2 31. Nxe2 Re8
32. Nc3 Re3 33. h4 Rf3 34. g5 {[#]} Rf1 $2 35. Rxf1 Nd2+ 36. Kc2 Nxf1 37. Kd3
Ng3 38. Nb5 Nf5 39. Nxa7 Ke8 40. a4 Kd7 41. a5 Kc7 42. Nc6 Nxh4 43. Ke4 Nf5 44.
a6 h5 45. a7 Kb7 46. Nd8+ 1-0

[Event "Brno /Olexa/"]
[Site "Brno"]
[Date "2023.12.28"]
[Round "4"]
[White "Neduchal, Jiri"]
[Black "Prochazka, Marek"]
[Result "1/2-1/2"]
[WhiteElo "1766"]
[BlackElo "1133"]
[PlyCount "61"]
[EventDate "2023.12.??"]
[EventType "tourn"]
[EventRounds "7"]

1. Nf3 d5 2. d4 Nf6 3. e3 Bf5 4. c4 e6 5. Nc3 c6 6. Qb3 Qb6 7. c5 Qxb3 8. axb3
Be7 9. b4 Nbd7 10. b5 h6 11. b4 O-O 12. Be2 Ne4 13. Nxe4 Bxe4 14. O-O a6 15.
bxa6 Ra7 16. Bb2 b6 17. Ra3 b5 18. Rfa1 Rfa8 19. Bc3 Nb8 20. Ne5 f6 21. Nd3
Rxa6 22. Rxa6 Rxa6 23. Rxa6 Nxa6 24. f3 Bh7 25. Kf2 g5 26. Nc1 Kf7 27. Nb3 Bd8
28. Nd2 e5 29. g3 Ke6 30. h3 Bc7 31. g4 {(R)} 1/2-1/2

[Event "Brno /Olexa/"]
[Site "Brno"]
[Date "2023.12.28"]
[Round "4"]
[White "Petran, Tomas"]
[Black "Teply, Jan"]
[Result "1/2-1/2"]
[WhiteElo "1730"]
[BlackElo "1297"]
[PlyCount "66"]
[EventDate "2023.12.??"]
[EventType "tourn"]
[EventRounds "7"]

1. c4 Nf6 2. Nc3 g6 3. d4 Bg7 4. e4 d6 5. Nf3 Bg4 6. Be2 O-O 7. Be3 Nc6 8. h3
Bxf3 9. Bxf3 e5 10. d5 Nb8 11. Qd2 Nbd7 12. O-O a5 13. Nb5 Nc5 14. Nc3 Ne8 15.
a3 Nb3 16. Qd1 Nxa1 17. Qxa1 f5 18. Qb1 f4 19. Bd2 Nf6 20. Kh2 h5 21. Qd1 Qd7
22. Rg1 Kf7 23. b3 Rh8 24. Rh1 g5 25. Be2 Rag8 26. g3 Bf8 27. Kg1 Be7 28. Kh2
h4 29. g4 Rb8 30. f3 Rhc8 31. Bd3 c6 32. a4 Rd8 33. Qe2 c5 1/2-1/2

[Event "Brno /Olexa/"]
[Site "Brno"]
[Date "2023.12.28"]
[Round "4"]
[White "Branka, Natalia"]
[Black "Veznik, Michael"]
[Result "0-1"]
[WhiteElo "1032"]
[BlackElo "1774"]
[PlyCount "92"]
[EventDate "2023.12.??"]
[EventType "tourn"]
[EventRounds "7"]

1. e4 Nc6 2. Nf3 d6 3. Bc4 e6 4. d4 d5 5. exd5 exd5 6. Bb5 Qd6 7. O-O Be6 8.
Nbd2 f6 9. Nb3 O-O-O 10. Nc5 Bg4 11. c3 a6 12. Qa4 Nb8 13. Be2 Bd7 14. Qa3 Nh6
15. Rb1 Bf5 16. Ra1 g5 17. Qb3 Qb6 18. Qxb6 cxb6 19. Nd3 Re8 20. Re1 Rxe2 21.
Rxe2 Bxd3 22. Re8+ Kc7 23. h4 Bg6 24. Re1 g4 25. Nh2 Bf5 26. Re8 Nf7 27. Bf4+
Bd6 28. Re7+ Kc8 29. Bxd6 Nxd6 30. Rae1 Nc6 31. Rg7 h5 32. f3 Ne8 33. Rge7 Nxe7
34. Rxe7 Bd7 35. fxg4 hxg4 36. g3 Nd6 37. Rg7 f5 38. Nf1 Ne4 39. Kg2 f4 40.
gxf4 Rxh4 41. Rg6 b5 42. Ne3 g3 43. Nxd5 Bc6 44. Ne3 Rh2+ 45. Kg1 Ng5 46. Rxg5
Rh1# 0-1

[Event "Brno /Olexa/"]
[Site "Brno"]
[Date "2023.12.28"]
[Round "4"]
[White "Timko, Daniel"]
[Black "Carbonai, Gabriele"]
[Result "1-0"]
[WhiteElo "1565"]
[BlackElo "1228"]
[PlyCount "99"]
[EventDate "2023.12.??"]
[EventType "tourn"]
[EventRounds "7"]

1. e4 e5 2. Nf3 Nc6 3. Bc4 Bc5 4. b4 Be7 5. b5 d5 6. Bxd5 Nf6 7. bxc6 Nxd5 8.
exd5 e4 9. Nd4 Qxd5 10. Nb3 e3 11. Qf3 exf2+ 12. Kxf2 Bc5+ 13. Nxc5 Qxc5+ 14.
Qe3+ Qxe3+ 15. Kxe3 bxc6 16. Ba3 Be6 17. Nc3 f5 18. Bc5 Kf7 19. Rhe1 Rhe8 20.
Kf2 Rad8 21. d4 a6 22. Rab1 Rb8 23. Rxb8 Rxb8 24. a4 Rb2 25. Re2 Kf6 26. Ba3
Rb8 27. Re1 a5 28. Rb1 Rb6 29. Bc5 Rxb1 30. Nxb1 Bd5 31. Nd2 g6 32. Ba7 Ke7 33.
g3 Ba2 34. Ke2 Kd6 35. Kd3 Kd5 36. c4+ Kd6 37. Kc3 g5 38. Kb2 Bxc4 39. Nxc4+
Kd5 40. Kc3 h5 41. Kd3 f4 42. gxf4 g4 43. Nxa5 h4 44. Ke3 h3 45. Kf2 Ke4 46.
Kg3 Kd5 47. f5 Kd6 48. Bc5+ Kd7 49. Nxc6 Kxc6 50. f6 1-0

[Event "Brno /Olexa/"]
[Site "Brno"]
[Date "2023.12.28"]
[Round "4"]
[White "Vindis, Patrik"]
[Black "Divis, Jan"]
[Result "0-1"]
[WhiteElo "1071"]
[BlackElo "1536"]
[PlyCount "76"]
[EventDate "2023.12.??"]
[EventType "tourn"]
[EventRounds "7"]

1. Nf3 Nf6 2. d4 d5 3. b3 c6 4. Bb2 Bf5 5. e3 e6 6. Be2 h6 7. O-O Be7 8. a4 a5
9. c4 O-O 10. c5 Na6 11. Bxa6 Rxa6 12. Ne5 Nd7 13. Nxd7 Qxd7 14. Qd2 Rfa8 15.
Nc3 b6 16. cxb6 Rxb6 17. Qd1 Qb7 18. Ba3 Rb8 19. Bxe7 Qxe7 20. f3 Bg6 21. e4
dxe4 22. fxe4 Rxb3 23. Qf3 Qb4 24. Rac1 Qxd4+ 25. Kh1 Qe5 26. Qd3 R8b4 27. Rfe1
Rd4 28. Qc2 Rbb4 29. Qe2 Rdc4 30. Qd3 Qc5 31. h3 e5 32. Qd8+ Kh7 33. Na2 Rxc1
34. Rxc1 Rc4 35. Qd2 Rxc1+ 36. Nxc1 Bxe4 37. Nb3 Qc2 38. Qe1 Qxg2# 0-1

[Event "Brno /Olexa/"]
[Site "Brno"]
[Date "2023.12.28"]
[Round "4"]
[White "Dolezal, Josef"]
[Black "Rampulova, Marketa"]
[Result "1/2-1/2"]
[WhiteElo "1194"]
[BlackElo "1260"]
[PlyCount "53"]
[EventDate "2023.12.??"]
[EventType "tourn"]
[EventRounds "7"]

1. e4 e5 2. Nc3 Nf6 3. f4 d6 4. Nf3 Be7 5. Bc4 O-O 6. d3 c6 7. fxe5 Ng4 8. exd6
Qxd6 9. O-O Qc5+ 10. Kh1 b5 11. Bb3 a5 12. a3 Be6 13. Bxe6 fxe6 14. Qe2 Nd7 15.
h3 Nge5 16. d4 Qd6 17. dxe5 Nxe5 18. Nxe5 Qxe5 19. Bd2 Bd6 20. g4 Rad8 21. Be3
Qg3 22. Bg1 Qxh3+ 23. Bh2 Bxh2 24. Qxh2 Rxf1+ 25. Rxf1 Qxf1+ {[#]} 26. Qg1 Qh3+
27. Qh2 1/2-1/2

[Event "Brno /Olexa/"]
[Site "Brno"]
[Date "2023.12.28"]
[Round "4"]
[White "Borovickova, Eva"]
[Black "Nisztuk, Michal"]
[Result "0-1"]
[WhiteElo "1238"]
[BlackElo "1447"]
[PlyCount "76"]
[EventDate "2023.12.??"]
[EventType "tourn"]
[EventRounds "7"]

1. e4 e5 2. Nf3 Nc6 3. Bc4 Nf6 4. d3 d5 5. exd5 Nxd5 6. O-O Bg4 7. Nbd2 Bc5 8.
h3 Bh5 9. Qe1 f6 10. Qe4 Bf7 11. a3 a5 12. Nh2 O-O 13. Ndf3 Qd7 14. Bd2 f5 15.
Qe1 Rfe8 16. Qc1 Rab8 17. Ba2 b5 18. c4 bxc4 19. Bxc4 Bd4 20. Nxd4 Nxd4 21. Qd1
Rxb2 22. Re1 Nc2 23. Re2 Nxa1 24. Qxa1 Reb8 25. Qf1 e4 26. Qd1 Bh5 27. f3 exf3
28. Nxf3 c6 29. Qf1 a4 30. Rf2 Bxf3 31. Bb4 Bxg2 32. Rxg2 Rxg2+ 33. Qxg2 Kh8
34. Qg3 Qa7+ 35. Kh1 Nxb4 36. axb4 Rxb4 37. Qe1 Qb8 38. h4 Rb1 0-1